បុរសលក់ប្រពន្ធតម្លៃ៤តម្លឹង : (Record no. 9241)
[ view plain ]
| 000 -LEADER | |
|---|---|
| fixed length control field | 03121nam a22003137a 4500 |
| 001 - CONTROL NUMBER | |
| control field | 9241 |
| 003 - CONTROL NUMBER IDENTIFIER | |
| control field | FISKH |
| 005 - DATE AND TIME OF LATEST TRANSACTION | |
| control field | 20251205145311.0 |
| 008 - FIXED-LENGTH DATA ELEMENTS--GENERAL INFORMATION | |
| fixed length control field | 251204b cb ||||| |||| 00| 0 eng d |
| 020 ## - INTERNATIONAL STANDARD BOOK NUMBER | |
| International Standard Book Number | 9789996301711 |
| 040 ## - CATALOGING SOURCE | |
| Original cataloging agency | FISKH |
| Language of cataloging | khr |
| Transcribing agency | FISKH |
| Modifying agency | FISKH |
| 050 ## - LIBRARY OF CONGRESS CALL NUMBER | |
| Classification number | PZ7 |
| 082 ## - DEWEY DECIMAL CLASSIFICATION NUMBER | |
| Classification number | 398.2 |
| 100 ## - MAIN ENTRY--PERSONAL NAME | |
| Personal name | Dawn , Dim |
| 245 ## - TITLE STATEMENT | |
| Title | បុរសលក់ប្រពន្ធតម្លៃ៤តម្លឹង : |
| Statement of responsibility, etc. | និពន្ធដោយ លោក ឌឹម ដន , កែសម្រួលដោយ អ្នកស្រី គឹមស៊ុន សុធារី , លោក ធី ចាន់ថន និង កញ្ញា ហេង ចរិយា |
| Remainder of title | The man selling his wife for 4 Domleung of gold / |
| 260 ## - PUBLICATION, DISTRIBUTION, ETC. | |
| Place of publication, distribution, etc. | ភ្នំពេញ : |
| Name of publisher, distributor, etc. | Reading Books , |
| Date of publication, distribution, etc. | 2012. |
| 300 ## - PHYSICAL DESCRIPTION | |
| Extent | 28 pages : |
| Other physical details | color illustrations ; |
| Dimensions | 25 cm . |
| 490 ## - SERIES STATEMENT | |
| Series statement | ពិភពរឿងនិទាន |
| 505 ## - FORMATTED CONTENTS NOTE | |
| Formatted contents note | K <br/> |
| 520 ## - SUMMARY, ETC. | |
| Summary, etc. | មានប្តីប្រពន្ធពីរនាក់រៀបការនឹងគ្នាជាងបួនឆ្នាំ ប៉ុន្តែពួកកែគ្មានកូនទេ ។ បុរសជាប្តីជាមនុស្សញៀនស្រានិងល្បែង ។ ថ្ងៃមួយបុរសជាប្តីចាញ់ល្បែងក៏លក់ទ្រព្យសម្បត្តិទាំងអស់ ហើយថែមទាំងលក់ប្រពន្ធផងដែរក្នងតម្លៃ ៤តម្លឹង អោយទៅដង្ខៅពោះម៉ាយម្នាក់ ។ ប្តីបានយកលុយ៤តម្លឹងទៅដណ្តឹងប្រពន្ធថ្មីតែគ្មានអ្នកណាយកគាត់ទេ ដោយញៀនស្រានិងល្បែងគាត់ក៏បានធ្លាក់ខ្លួនឈី ហើយក៏បានបួសជាសង្ឃ ។ ចំនែកប្រពន្ធត្រូវបានលោកដង្ខៅអានិតស្រលាញ់ ហើយពួកគេរស់នៅជាមួយគ្នាយ៉ាងមានក្តីសុខ ។ |
| 520 ## - SUMMARY, ETC. | |
| Summary, etc. | A husband and wife had been married for more than four years, but they did not have any children. The husband was addicted to alcohol and gambling. One day, after losing a gambling game, the husband sold all their property and even sold his wife for four ticals to a rich man. The husband took the four ticals to gamble, but no one accepted him. Because of his addictions, he eventually hit rock bottom and became a monk. Meanwhile, the wife was genuinely loved by the rich man, and they lived together happily. |
| 521 8# - TARGET AUDIENCE NOTE | |
| Target audience note | 510 <br/> |
| Source | Lexile estimate <br/> |
| 521 8# - TARGET AUDIENCE NOTE | |
| Target audience note | K <br/> |
| Source | Raz-Plus <br/> |
| 650 ## - SUBJECT ADDED ENTRY--TOPICAL TERM | |
| Topical term or geographic name entry element | បុរសលក់ប្រពន្ធតម្លៃ៤តម្លឹង |
| Form subdivision | រឿងនិទានកុមារ |
| 650 ## - SUBJECT ADDED ENTRY--TOPICAL TERM | |
| Form subdivision | The man selling his wife for 4 Domleung of gold |
| Source of heading or term | Children's Stories |
| 700 ## - ADDED ENTRY--PERSONAL NAME | |
| Personal name | Vichit, Prom |
| Relator term | Illustrator |
| 942 ## - ADDED ENTRY ELEMENTS (KOHA) | |
| Source of classification or shelving scheme | Dewey Decimal Classification |
| Koha item type | Khmer Books |
| Suppress in OPAC | No |
| Withdrawn status | Lost status | Source of classification or shelving scheme | Damaged status | Not for loan | Collection | Home library | Current library | Shelving location | Date acquired | Total Checkouts | Full call number | Barcode | Date last seen | Price effective from | Koha item type |
|---|---|---|---|---|---|---|---|---|---|---|---|---|---|---|---|
| Dewey Decimal Classification | Khmer-English Bilingual / ភាសាខ្មែរ-អង់គ្លេស | Footprints International School Library Network Toul Tom Poung Campus | Footprints International School Library Network Toul Tom Poung Campus | TTP Primary Khmer Bookshelves | 12/04/2025 | DAW PZ7 398.2 | 2025-5020 | 12/04/2025 | 12/04/2025 | Khmer Books |
